Программа к.-д. партии, выработанная Учредительным съездом, 12-18 октября 1905 г.

Доступно только в Электронных читальных залах Найти на картеНа карте
RUSMARC
00003877nac2a22002771x 450
001ddd6ca70-ebc2-41f9-b137-3c95fd26db36
00520131126215719.0
100##$a20130529l1905 k y0rusy50 ca
1010#$arus
102##$aRU
105##$ay z |||||
1220#$ad190510
1222#$ad19051012
$ad19051018
2001#$aПрограмма к.-д. партии, выработанная Учредительным съездом, 12-18 октября 1905 г.
$jОктябрь 1905
215##$a14 листов
251##$cДело
300##$aЗаголовок дела на папке: Проект программы и Программа Конституционно-демократической партии, выработанная Учредительным съездом 12-18 октября 1905 г.
300##$aТипографский и машинописный тексты
330##$aI. Организационные и программные документы к.-д. партии (народной свободы)
461#0$10011d649a3b-ccdf-484e-a423-ec64c785c8ed
$12001
$aПартия народной свободы (кадеты)
$1251
$cФонд
$1852
$j523
462#0$10018b9e8422-dd9e-4ea7-b938-3dc971685134
$12001
$aПартия народной свободы (кадеты). 1905-1917 гг.
$1251
$cОпись
$1852
$j2
517##$aПроект программы и Программа Конституционно-демократической партии, выработанная Учредительным съездом 12-18 октября 1905 г.
60102$3RU\NLR\AUTH\661232767
$aКонституционно-демократическая партия
801#0$aRU
$bGA_RF
801#1$aRU
$bНПО Опыт
$c20130529
$2rusmarc
801#2$aRU
$bПБ им. Б.Н. Ельцина
$c20131126
$gRCR
$2rusmarc
852##$aГА РФ
$j58
937##$d42072704
$hПБ
035##$aRuPRLIB51000166
Формат отображения